000
00319 a2200157 4500
001
63827
020
_a
9788576571551
040
_c
Anchieta - Pituba
100
_a
Clarke, Arthur Charles
240
1
0
_a
2001
_l
por
245
1
0
_a
2001
300
_a
2013
362
0
_a
2013
650
4
_a
Ficção inglesa
942
_c
BK
999
_c
63827
_d
63827